000 00990nam a22002537a 4500
001 6179
003 FISKH
005 20250324153556.0
008 250324b cb ||||| |||| 00| 0 eng d
020 _a9780531186923
040 _aFISKH
_beng
_cFISKH
_dFISKH
050 _aHV6432 .S26
082 _a973.931
100 _aSantella, Andrew
245 _aSeptember 11, 2001 :
_bCornerstones of freedom /
_cBy Andrew Santella
260 _aNew York :
_bChildren's Press ;
_c2002.
300 _a48 pages :
_bcolor illustrations ;
_c24 cm .
490 _aCornerstones of Freedom
_vSecond Series
520 _aRecounts events of September 11, 2001, when terrorists flew into the World Trade Center and the Pentagon, discusses what is known of the terrorists, and relates how America has responded to the tragedy.
650 _aSeptember 11 Terrorist Attack,2001
_vJuvenile Literature
650 _aTerrorism-United States
_vJuvenile Literature
942 _2ddc
_cBK
_n0
999 _c6179
_d6179